Grain policy in Chinese villages: yield response to pricing, procurement, and loan policies (Record no. 24596)

000 -LEADER
fixed length control field 00425pab a2200133 454500
008 - FIXED-LENGTH DATA ELEMENTS--GENERAL INFORMATION
fixed length control field 180718b xxu||||| |||| 00| 0 eng d
100 ## - MAIN ENTRY--PERSONAL NAME
Personal name Rozelle, Scott
245 ## - TITLE STATEMENT
Title Grain policy in Chinese villages: yield response to pricing, procurement, and loan policies
650 ## - SUBJECT ADDED ENTRY--TOPICAL TERM
Topical term or geographic name entry element Grain Policy
650 ## - SUBJECT ADDED ENTRY--TOPICAL TERM
Topical term or geographic name entry element Food Supply - China
700 ## - ADDED ENTRY--PERSONAL NAME
Personal name Boisvert, Richard N
773 ## - HOST ITEM ENTRY
Main entry heading American Journal of Agricultural Economics
909 ## -
-- 24596
Holdings
Withdrawn status Lost status Damaged status Not for loan Permanent Location Current Location Date acquired Serial Enumeration / chronology Barcode Date last seen Price effective from Koha item type
        Indian Institute of Public Administration Indian Institute of Public Administration 2018-07-19 Issue no: 75(2), May 93, p.339-49 AR24665 2018-07-19 2018-07-19 Articles

Powered by Koha